000 00759nam a2200229Ia 4500
003 GCL
008 140319s9999 xx 000 0 ara d
040 _aGCL /
_cGCL
082 0 4 _a219.3
_bب ن
100 1 _aبرهان غليون
245 1 0 _aنقد السياسة000الدولة والدين /
_cبرهان غليون
260 _a[S.N] :
_bالمؤسسة العربية للدراسات والنشر ،
_c1991
300 _a560 ص
490 _a
650 0 4 _aالثورات
650 0 4 _aالاسلام
650 0 4 _aالاسلام والاصلاح الاجتماعى
650 0 4 _aالتاريخ الاسلامى
650 0 4 _aالاسلام والاصلاح السياسى
650 0 4 _aالاسلام والسياسة
942 _2ddc
_cBK
999 _c29288
_d29288